Poznatky o osude Židov na Slovensku v roku 1942 na východných územiach obsadených Nemcami

Podrobná bibliografia
Hlavný autor: Jelínek, Ješajahu Andrej, 1933-2016 (Autor)
Médium: Článok
Jazyk:slovenčina
ISBN:80-8060-103-8
Predmet:

MARC

LEADER 00000nab a2200000 ar4500
001 vtls008418752
003 SK-MaSNL
005 20260426083843.0
008 250505c2002 xo |r|p|||||||100 b|slo
015 |a SNBRB2005/12  |2 snkbucl 
035 |a (uuid)a9a5ccd1-5d76-4b50-a7e6-e6f3ec9642c7 
035 |a urn:nbn:sk:snk-ab1gct 
035 |a (urnnbn)urn:nbn:sk:snk:ar-003iz9 
038 |a SNKBUCL 
040 |a SNKBUCL  |b slo  |c SNKBUCL  |e AACR2 
041 0 |a slo 
044 |a xo  |c SK 
080 |a 94(=411.16)  |2 1997 
080 |a 94  |x (437.6)  |x (=411.16)  |2 1997 
080 |a 341.43(=411.16)  |x (437.6)  |2 1997 
100 1 |a Jelínek, Ješajahu Andrej,  |d 1933-2016  |4 aut  |9 156183 
245 1 0 |a Poznatky o osude Židov na Slovensku v roku 1942 na východných územiach obsadených Nemcami  |c Ješajahu A. Jelínek 
504 |a Bibliogr. odkazy 
648 7 |a 1942  |2 snkbucl  |9 284108 
650 0 7 |a Židia  |2 snkbucl  |9 3760 
650 0 7 |a deportácie Židov  |2 snkbucl  |9 4182 
650 0 7 |a druhá svetová vojna (1939-1945)  |2 snkbucl  |9 169657 
651 7 |a Slovensko  |2 snkbucl  |9 14231 
655 7 |a štúdie  |2 snkbucl  |9 57033 
773 0 |t Acta Judaica Slovaca 8  |d Bratislava : Múzeum židovskej kultúry, 2002  |g S. 51-78  |z 80-8060-103-8 
850 |a Slovenská národná knižnica 
852 |a Slovenská národná knižnica 
954 |a odborná, vedecká literatúra pôvodná (slovenská)  |2 lita 
958 |a article27 
958 |a NB 
958 |a OND 
958 |a EUIPO 
999 |c 2916205  |d 2918135